| 000 | 00906nam a2200265 i 4500 | ||
|---|---|---|---|
| 001 | 15717 | ||
| 003 | ES-MaACL | ||
| 005 | 20250912063034.0 | ||
| 007 | t| | ||
| 008 | 000504s1995 sp ||||0| spa j | ||
| 020 | _a84-86864-10-0 | ||
| 040 |
_aM-BN _bspa _cM-BN |
||
| 080 | _a321.01(091) | ||
| 100 | 1 |
_aKropotkin, Piotr Alekseevich, _d1842-1921 _9240800 |
|
| 245 | 1 | 3 |
_aEl Estado _b: su papel histórico / _cPedro Kropotkin. |
| 260 |
_aVillaverde Alto, Madrid : _bFundación Anselmo Lorenzo, _cD.L. 1995. |
||
| 300 |
_a62 p. ; _c20 cm. |
||
| 490 | 1 |
_aColección Cuadernos libertarios (Fundación Anselmo Lorenzo) ; _v3 _9228262 |
|
| 650 | 1 | 4 |
_aEstado- _vHistoria _912525 |
| 710 | 2 |
_aFundación Anselmo Lorenzo. _94216 |
|
| 830 | 1 |
_9228262 _aColección Cuadernos libertarios (Fundación Anselmo Lorenzo) ; _v3 |
|
| 852 |
_aES-MaACL _jL-22971 |
||
| 942 | _2udc | ||
| 999 |
_c15717 _d15717 |
||